| 000 | 00603nam a22001937a 4500 | ||
|---|---|---|---|
| 005 | 20251108164935.0 | ||
| 008 | 250721s1982 xx 000 0 ara d | ||
| 082 | 1 | 4 | _a964.04/وات |
| 100 | 1 | _aواتربوري، جون | |
| 245 | 1 | 0 | _aالملكية و النخبة السياسية في المغرب / |
| 264 | 1 |
_aبيروت : _bدار الوحدة، _c1982. |
|
| 300 | _a312ص | ||
| 650 | 1 | 7 | _aتاريخ المغرب |
| 650 | 1 | 7 | _aالتاريخ السياسي |
| 700 | 1 |
_aنعمة، ماجد _eترجمة |
|
| 700 | 1 |
_aعطية، عبود _eترجمة |
|
| 942 |
_2ddc _cBK |
||
| 999 |
_c17963 _d17963 |
||